Neotropical Rainforest Mammals : (Registro nro. 17940)
[ vista simple ]
| 000 -CABECERA | |
|---|---|
| Campo de control | 00837cam a2200229 a 4500 |
| 005 - FECHA Y HORA DE LA ULTIMA TRANSACCION | |
| Campo de control | 20160121112555.0 |
| 008 - ELEMENTOS DE LONGITUD FIJA—INFORMACION GENERAL | |
| Campo de control | 960422t1990 -usab fr 0 1 eng d |
| 020 ## - ISBN | |
| ISBN | 0226207188 |
| 040 ## - FUENTE DE CATALOGACIÓN | |
| Agencia catalogadora original | CO-BoPUJ |
| Agencia transcriptora | CO-BoIAVH |
| Agencia Modificadora | CO-BoIAVH |
| 041 0# - IDIOMA | |
| Código de idioma para texto/pista de sonido o título separado | Inglés |
| 044 ## - PAÍS DE PUBLICACIÓN | |
| País de publicación | Estados Unidos |
| 082 04 - NUMERO DE CLASIFICACION DECIMAL DEWEY | |
| Número de clasificación | 599.1734 |
| Número del ítem | E55m |
| 100 1# - ASIENTO PRINCIPAL--NOMBRE PERSONAL | |
| Nombre personal | Emmons, Louise H. |
| 9 (RLIN) | 7255 |
| 245 10 - MENCION DE TITULO | |
| Título | Neotropical Rainforest Mammals : |
| Parte restante del título | A fiel guide / |
| Mención de responsabilidad | Text by Louise H. Emmons, Illustrations by François Feer |
| 260 ## - PUBLICACION, DISTRIBUCION, ETC. (PIE DE IMPRENTA) | |
| Lugar de publicación, distribución, etc. | Chicago : |
| Nombre del editor, distribuidor, etc. | The University of Chicago Press ; |
| Fecha de publicación, distribución, etc. | c1990. |
| 300 ## - DESCRIPCION FISICA | |
| Extensión | xiv, 281 páginas : |
| Otros detalles físicos | Ilustrations, maps ; |
| Dimensiones | 22 x 15 cm. |
| 650 24 - ASIENTO SECUNDARIO DE MATERIA - TERMINO TEMATICO | |
| Término temático o nombre geográfico como elemento de entrada | Mammals |
| Subdivisión geográfica | Latin America |
| Subdivisión general | identification |
| 9 (RLIN) | 53290 |
| 650 24 - ASIENTO SECUNDARIO DE MATERIA - TERMINO TEMATICO | |
| Término temático o nombre geográfico como elemento de entrada | Fauna forestal |
| Subdivisión geográfica | América Latina |
| 9 (RLIN) | 53291 |
| 650 24 - ASIENTO SECUNDARIO DE MATERIA - TERMINO TEMATICO | |
| Término temático o nombre geográfico como elemento de entrada | Ecología de selva lluviosa |
| Subdivisión geográfica | América Latina |
| 9 (RLIN) | 53292 |
| 700 1# - ASIENTO SECUNDARIO - NOMBRE PERSONAL | |
| Nombre personal | Feer, François |
| 9 (RLIN) | 53293 |
| 942 ## - ELEMENTOS ADICIONALES (KOHA) | |
| Sistema de clasificación | Dewey Decimal Classification |
| Tipo de ítem | Libro |
| Withdrawn status | Lost status | Sistema de Clasificación | Damaged status | No para préstamo | Colección | Inventariado | Ubicación Permanente | Ubicación actual | Fecha de adquisición | Fuente de Valor | Valor | Total Checkouts | Número topográfico | Inventario / Código de Barras | Date last seen | Ejemplar | Price effective from | Forma de adquisición | Tipo de material |
|---|---|---|---|---|---|---|---|---|---|---|---|---|---|---|---|---|---|---|---|
| Dewey Decimal Classification | General | Inventariado 2017 | Bogotá | Bogotá | 29/12/1997 | Instituto | 39000.00 | LB-599.1734 E55m | 000396 | 04/12/2012 | V. 1 Ej. 1 | 04/12/2012 | Libro | ||||||
| Dewey Decimal Classification | General | Inventariado 2017 | Sala Fabio Quevedo | Sala Fabio Quevedo | 29/12/1997 | Instituto | 39000.00 | LB-599.1734 E55m | 000397 | 04/12/2012 | V. 1 Ej. 2 | 04/12/2012 | Donación | Libro |